Shameless - Camila Cabello - All Lyrics - Statistics

General Stats
  • This quiz has been taken 261 times
  • The average score is 348 of 427
Answer Stats
Answer % Correct
I
99%
No-oh,
98%
uh
98%
uh-uh,
98%
no,
97%
no
97%
a
96%
shameless
95%
ya
95%
ya?
95%
you
94%
do
92%
for
92%
I'm
92%
my
92%
My
92%
oh,
91%
oh
91%
Right
91%
Don't
90%
don't
90%
Don’t
90%
it
90%
now,
90%
now
90%
Now
90%
to
90%
want
90%
more
87%
need
86%
Need
86%
me
85%
me,
85%
than
85%
out
84%
the
84%
Screamin'
83%
In
80%
in
80%
in,
80%
lungs
78%
Not
78%
not
78%
on
77%
It’s
76%
it's
76%
So
76%
time
76%
time,
76%
long
75%
up
75%
you're
75%
And
73%
of
73%
Show
73%
afraid
72%
many
72%
why
72%
been
71%
Been
71%
face
71%
are
70%
longest
70%
try
70%
woke
69%
confused
68%
dreams,
68%
speak,
68%
emotions
67%
mind
67%
(Mind)
67%
neck,
67%
mornings
65%
secret
64%
Write
64%
anything
63%
run,
63%
they
62%
naked,
61%
taking
61%
wanna
61%
hide
59%
this
59%
us
59%
won't
59%
between
58%
that
58%
erase
56%
they're
55%
give
52%
from
50%
go
50%
Distance,
48%
have
48%
mine,
48%
running
48%
kisses
47%
there,
47%
just
46%
if
45%
that's
45%
somebody
44%
care
43%
inches
43%
still?
42%
back
41%
tension
41%
tired
41%
forgiven
39%
history,
39%
real
35%
loving
29%
Weakness,
27%
we're
25%
No matching quizzes found
Score Distribution
Percent of People with Each Score
Percentile by Number Answered
Your Score History
You have not taken this quiz